Zmluvy s cudzím prvkom v právnom poriadku Číny - vybrané otázky
Pramene právnej úpravy zmlúv s cudzím prvkom v právnom poriadku Číny. Voľba práva v zmluvách s cudzím prvkom. Určenie rozhodného práva v prípade neexistencie voľby práva.
Enregistré dans:
| Auteur principal: | |
|---|---|
| Format: | Chapitre de livre |
| Langue: | slovaque |
| Sujets: | |
| Tags: |
Pas de tags, Soyez le premier à ajouter un tag!
|
MARC
| LEADER | 00000nla a2200000 4500 | ||
|---|---|---|---|
| 001 | 0208160 | ||
| 005 | 20240502073448.5 | ||
| 041 | 0 | |a slo | |
| 044 | |a SK | ||
| 245 | 1 | 0 | |a Zmluvy s cudzím prvkom v právnom poriadku Číny - vybrané otázky |c Martin Winkler |
| 520 | |a Pramene právnej úpravy zmlúv s cudzím prvkom v právnom poriadku Číny. Voľba práva v zmluvách s cudzím prvkom. Určenie rozhodného práva v prípade neexistencie voľby práva. | ||
| 610 | 2 | 0 | |a právo |
| 610 | 2 | 0 | |a predpisy právne |
| 610 | 2 | 0 | |a zákony |
| 610 | 2 | 0 | |a vzťahy zahraničné |
| 610 | 2 | 0 | |a zmluvy medzinárodné |
| 610 | 2 | 0 | |a Čína |
| 100 | 1 | |a Winkler, Martin, 1975- | |